Welcome to CU Library Online Public Access Catalogue (OPAC)

Short Textbook of Public Health Medicine for the Tropics/ (Record no. 3706)

MARC details
000 -LEADER
fixed length control field 00538nam a22001697a 4500
005 - DATE AND TIME OF LATEST TRANSACTION
control field 20250208200126.0
008 - FIXED-LENGTH DATA ELEMENTS--GENERAL INFORMATION
fixed length control field 250208b |||||||| |||| 00| 0 eng d
020 ## - INTERNATIONAL STANDARD BOOK NUMBER
International Standard Book Number 9780340816455
050 ## - LIBRARY OF CONGRESS CALL NUMBER
Classification number RC961.5
Item number .L83
100 ## - MAIN ENTRY--PERSONAL NAME
Personal name Lucas, Adetokunbo O.
245 ## - TITLE STATEMENT
Title Short Textbook of Public Health Medicine for the Tropics/
Statement of responsibility, etc. Adetokunbo O. Lucas & Herbert M. Gilles
250 ## - EDITION STATEMENT
Edition statement 4th ed.
260 ## - PUBLICATION, DISTRIBUTION, ETC.
Place of publication, distribution, etc. London
Name of publisher, distributor, etc. BookPower
Date of publication, distribution, etc. 2003
300 ## - PHYSICAL DESCRIPTION
Extent x. 389p.
Other physical details ill. maps, some color
Dimensions 24.5cm
700 ## - ADDED ENTRY--PERSONAL NAME
Personal name Gilles, Herbert M.
942 ## - ADDED ENTRY ELEMENTS (KOHA)
Source of classification or shelving scheme Library of Congress Classification
Koha item type Books
Edition 4th ed.
Suppress in OPAC No
999 ## -
-- 3706
-- 3706
Holdings
Withdrawn status Lost status Source of classification or shelving scheme Damaged status Not for loan Collection Home library Current library Shelving location Date acquired Total checkouts Full call number Barcode Date last seen Copy number Price effective from Koha item type
    Library of Congress Classification     Non-fiction Science Library (Miotso) Science Library (Miotso) General stacks 02/08/2025   RC961.5 .L83 LUC SLM00003294 02/08/2025 1 02/08/2025 Books
© 2023-2024 Copyright: Central University Libraries. All Rights Reserved | Created by: Mahone Tech Office